| 000 | 01734nam0a2200409 4500 | ||
|---|---|---|---|
| 001 | RU\NLR\BIBL_A\016338762 | ||
| 005 | 20240724155927.0 | ||
| 010 |
_a978-5-6045362-6-1 _92000 |
||
| 021 |
_aRU _bКН-П-23-012757 _9КН-П-23-1257 |
||
| 035 | _a(NLR Aleph) 016338762 | ||
| 035 | _a(RuMoRGB)011623010 | ||
| 090 |
_a13084755 _c13084755 |
||
| 100 | _a20230410d2022 k y0rusy50 ca | ||
| 101 | 0 | _arus | |
| 102 | _aRU | ||
| 105 | _aa z 000zy | ||
| 181 | 0 |
_ai _baxxe |
|
| 182 | 0 | _an | |
| 200 | 1 |
_aВойна среди стен _eсборник _fМ. С. Барабанов, М. С. Велимамедов, С. А. Денисенцев [и др.] _gпод редакцией А. В. Лаврова и Р. Н. Пухова |
|
| 203 |
_aТекст _bвизуальный _cнепосредственный |
||
| 210 |
_aМосква _cЦентр анализа стратегий и технологий _d2022 |
||
| 215 |
_a239 с. _cтабл. _d24 |
||
| 300 | _aАвт. указаны на обороте тит. с. | ||
| 320 | _aБиблиогр. в примеч.: с. 222-235 | ||
| 333 | _a12+ | ||
| 606 | 1 |
_aБой в городе _jСборники _2nlr_sh1 _2nlr_sh2 _3RU\NLR\AUTH\661434158 |
|
| 675 |
_a355.4 _v4 |
||
| 686 |
_a68.5-4 _2rubbks |
||
| 686 | 1 | _aЦ2,5(0)596я43 | |
| 701 | 1 |
_aБарабанов _bМ. С. _gМихаил Сергеевич |
|
| 701 | 1 |
_aВелимамедов _bМ. С. |
|
| 701 | 1 |
_aДенисенцев _bС. А. _gСергей Александрович |
|
| 702 | 1 |
_aЛавров _bА. В. _cполитолог _gАнтон Владимирович _3RU\NLR\AUTH\7789706 _4340 |
|
| 942 | _cBOOK | ||
| 980 | _aNB | ||